Conviviendo en la orilla: exlusión social y violencia en el Area Metropolitana de San Salvador /
Shranjeno v:
| Glavni avtor: | |
|---|---|
| Drugi avtorji: | |
| Format: | Texto |
| Izdano: |
San Salvador:
FLACSO. Programa El Salvador
|
| Teme: | |
| Oznake: |
Označite
Brez oznak, prvi označite!
|
MARC
| LEADER | 00000 a a2200000 04500 | ||
|---|---|---|---|
| 001 | 29251 | ||
| 003 | |||
| 040 | |a CRAI/IIS |c CRAI/IIS | ||
| 020 | |a 99923-33-15-4 | ||
| 090 | |a 191603 | ||
| 100 | |a Savenije, Wim | ||
| 245 | |a Conviviendo en la orilla: exlusión social y violencia en el Area Metropolitana de San Salvador / |c Wim Savenije | ||
| 260 | |a San Salvador: |b FLACSO. Programa El Salvador | ||
| 300 | |a 349 p. |b gráficas | ||
| 650 | |a VIOLENCIA | ||
| 650 | |a JUVENTUD URBANA | ||
| 650 | |a DELINCUENCIA JUVENIL | ||
| 650 | |a SALVADOREÑOS | ||
| 650 | |a MARGINALIDAD | ||
| 650 | |a NECESIDADES BASICAS | ||
| 650 | |a VIOLENCIA INTRAFAMILIAR | ||
| 700 | |a Andrade - Eekhoff, Katharine | ||
| 999 | |c 12374 |d 12374 | ||



